000 01712nam a2200397 c 4500
003 BLK
005 20230407030335.0
008 180410b bul|||||r ||||||| ||bul||
010 _aKNG00167261000
020 _a978-619-7173-02-4
_bиздат.: Нар. библ. П. Р. Славейков
040 _aBLK
041 _aBUL
_cBUL
072 7 _2bullib
_aН8400
_xБългарска поезия Н
080 _aБългарска литература
_b821.163.2
_x-192.09
_z821.163.2-192.09
100 1 _aРадев, Иван Николов
_eпърви автор
_9363332
139 _aРадев, Иван Николов
_bР 12
245 1 0 _aРъкописните сборници - песнопойки и литературният живот през 50-те и 70-те години на ХІХ в.
_cИван Николов Радев.
257 _aBGR
260 В. Търново
_bНар. библ. П. Р. Славейков
_c2014
_fВ. Търново : Веста
300 _a208 с.
_bс факс.
_c20 см
380 _a82
490 1 _aБиблиотека Орис
650 4 _aПеснопойки - България - история
_9166159
650 4 _aБългарска литература - история и критика
_9287605
651 4 _aБългария
_9241624
653 _aпеснопойки
653 _aбългарски песни
653 _aистория на литературата
653 _aлитературна критика
659 _aН
852 _aЦб 271504
856 4 _qpdf
_u
856 4 _qpdf
_u
942 _cKNG
_n0
944 _aCR
_c14.11.2014
_lф /
_kВиолета_Тройчева
944 _aED
_c22.07.2015
_lф /
_kПенка_Димитрова
999 _c160059
_d160059